01348cam a2200277 a 45000010009000000050017000090080041000260100017000670200018000840200015001020350020001170500021001371000027001582450081001852500012002662600083002783000045003615040051004065050354004576500021008116500014008326500018008467000023008648560091008878560092009781491319420170208093216.0070629s2009 paua b 001 0 eng  a 2007027343 a9780781791281 a0781791286 a(DNLM)10131068900aQP303 .H354 20091 aHamill, Joseph,d1946-10aBiomechanical basis of human movement /cJoseph Hamill, Kathleen M. Knutzen. a3rd ed. aPhiladelphia :bWolters Kluwer Health/Lippincott Williams and Wilkins,cc2009. axi, 491 p. :bill. (some col.) ;c29 cm. aIncludes bibliographical references and index.0 aBasic terminology -- Skeletal considerations for movement -- Muscular considerations for movement -- Neurological considerations for movement -- Functional anatomy of the upper extremity -- Functional anatomy of the lower extremity -- Functional anatomy of the trunk -- Linear kinematics -- Angular kinematics -- Linear kinetics -- Angular kinetics. 0aHuman mechanics.12aMovement.22aBiomechanics.1 aKnutzen, Kathleen.423Publisher descriptionuhttp://www.loc.gov/catdir/enhancements/fy0740/2007027343-d.html413Table of contents onlyuhttp://www.loc.gov/catdir/enhancements/fy0811/2007027343-t.html